| 000 | 00424nam a22001697a 4500 | ||
|---|---|---|---|
| 003 | SGT | ||
| 020 | _a9780443105937 | ||
| 082 |
_a615.1 _bM23S |
||
| 100 | _aSKIDMORE-RITH, LINDA | ||
| 245 | _aMOSBY'S DRUG GUIDE FOR NURSING STUDENTS | ||
| 250 | _a5TH | ||
| 260 |
_aMISSOURI _bELSEVIER PUB _c2023 |
||
| 300 | _a1218 | ||
| 650 | _aNURSING BOOK | ||
| 653 | _aMOSBY'S DRUG GUIDE FOR NURSING STUDENTS | ||
| 942 |
_2ddc _cBK _01 |
||
| 999 |
_c24942 _d24942 |
||